000 008390000a22002530004500
003 LK-CoMWRAF
005 20231013131812.0
008 230817t1992 ||||| |||| 00| 0 eng d
020 _a0813382300
040 _aLK-CoMWRAF
_dLK-CoMWRAF
_eLK-CoMWRAF
041 _aeng
082 _a331.4
_bUNE
245 _aUnequal burden :
_beconomic crises, persistent poverty, and women's work
260 _aBoulder:
_bWestview press,
_c1992
300 _aix, 278 p. : maps ; 24 cm
_bIndex included
500 _aA photocopy
650 _aPOOR WOMEN- Developing countries
650 _aStructural adjustment (Economic policy) -Developing countries
650 _aWomen -- Employment -- Developing countries
650 _aHouseholds -- Developing countries
700 _aBeneria, Lourdes
_eed.
700 _aFeldman, Shelley
_eed.
942 _cBK
999 _c314
_d314